|
|
|
|
| LEADER |
00000ny a22000003n 4500 |
| 005 |
2011060907577.0 |
| 008 |
020218s2001 sp s 001 0 spa c |
| 017 |
|
|
|a B1930950
|
| 020 |
|
|
|a 8476986416
|
| 035 |
|
|
|a 376
|
| 040 |
|
|
|a UMA.DER
|d vLex
|
| 040 |
|
|
|a UMA.RE
|d vLex
|
| 080 |
|
|
|a 336.719.2:347.734
|
| 080 |
|
|
|a 347.734:336.729.2
|
| 090 |
|
|
|c 613
|d 613
|
| 100 |
1 |
|
|a Azaustre Fernǹdez, Mara̕ Još
|
| 245 |
1 |
3 |
|a El secreto Bancario
|h [Recurso electrn̤ico]
|c Mara̕ Jos ̌Azaustre Fernǹdez ; [prl̤ogo, Ignacio Arroyo]
|
| 256 |
|
|
|a Servicio en ln̕ea
|
| 260 |
|
|
|a Barcelona :
|b J. M. Bosch,
|c 2001
|
| 300 |
|
|
|a 618 p. ;
|c 24 cm
|
| 490 |
1 |
|
|a Biblioteca de Derecho Mercantil
|
| 504 |
|
|
|a Bibliogr.: p.545570
|
| 504 |
|
|
|a Índices
|
| 506 |
1 |
|
|a Contenido solo disponible en los productos indicados
|d vLex Global
|d vLex Global (Academic Edition, excluding Law Schools)
|d vLex Global (U.S. Academic Edition, Law Schools)
|d vLex Global (U.S. Academic Edition, excluding Law Schools)
|d vLex Global (Academic Edition, Law Schools)
|
| 650 |
0 |
7 |
|a Datos personales
|2 Tesauro vLex
|
| 650 |
0 |
7 |
|a Civil
|2 Tesauro vLex
|
| 650 |
0 |
7 |
|a Secretos bancarios
|2 Tesauro vLex
|
| 650 |
0 |
7 |
|a Proteccin̤ de datos de carc̀ter personal
|2 Tesauro vLex
|
| 700 |
1 |
|
|a Arroyo, Ignacio,
|e pr
|
| 740 |
0 |
|
|a vLex Libros (Servicios en ln̕ea)
|
| 830 |
|
0 |
|a Biblioteca de derecho Mercantil (Jos ̌Mara̕ Bosch Editor)
|
| 856 |
4 |
0 |
|u http://vlex.com/source/376
|z Acceso restringido
|
| 942 |
|
|
|c BOOK
|
| 999 |
0 |
|
|a Civil Law
|b Barcelona
|